[Event "CAN-ch U10"]
[Site "Ottawa"]
[Date "2007.07.06"]
[Round "7"]
[White "Knox, Christopher"]
[Black "Brichko, Mike"]
[Result "1-0"]
[WhiteElo "1995"]
[BlackElo "1364"]
[PlyCount "115"]
[EventDate "2007.07.03"]
[EventType "swiss"]
[EventRounds "7"]
[EventCountry "CAN"]
[SourceTitle "EXT 2022"]
[Source "ChessBase"]
[SourceDate "2021.10.06"]
[SourceVersion "1"]
[SourceVersionDate "2021.10.06"]
[SourceQuality "1"]

1. d4 d5 2. c4 e6 3. Nc3 Nf6 4. cxd5 exd5 5. Bg5 Nbd7 6. e3 c6 7. Bd3 Qb6 8. Qc2 Bd6 9. Nf3 0-0 10. 0-0 h6 11. Bh4 Re8 12. a3 c5 13. Na4 Qc6 14. dxc5 Nxc5 15. Nxc5 Qxc5 16. Qxc5 Bxc5 17. Rac1 Bd6 18. Bg3 Bxg3 19. hxg3 Re7 20. Nd4 Ne4 21. Bxe4 dxe4 22. Rc3 b6 23. Rfc1 Bb7 24. Rc7 Rxc7 25. Rxc7 Rb8 26. Nb5 a6 27. Nd6 Bd5 28. Rc8+ Rxc8 29. Nxc8 Kf8 30. Nxb6 Be6 31. Na4 Bc8 32. Kf1 Ke7 33. Ke1 Kd6 34. Kd2 a5 35. Kc3 Ba6 36. Kd4 f5 37. g4 fxg4 38. Nc5 h5 39. Nxa6 h4 40. Nc5 h3 41. Nxe4+ Ke6 42. gxh3 gxh3 43. Ng5+ Kf5 44. Nxh3 Kg4 45. e4 Kxh3 46. e5 Kg2 47. e6 Kxf2 48. e7 g5 49. e8Q g4 50. Qe3+ Kg2 51. b4 axb4 52. axb4 g3 53. b5 Kf1 54. Qxg3 Ke2 55. Qe3+ Kd1 56. Qf2 Kc1 57. Kc3 Kb1 58. Qb2# 1-0

[Event "CAN-ch U10"]
[Site "Ottawa"]
[Date "2007.07.05"]
[Round "5"]
[White "Brichko, Mike"]
[Black "Leu, Steven"]
[Result "1-0"]
[WhiteElo "1364"]
[BlackElo "1530"]
[PlyCount "77"]
[EventDate "2007.07.03"]
[EventType "swiss"]
[EventRounds "7"]
[EventCountry "CAN"]
[SourceTitle "EXT 2022"]
[Source "ChessBase"]
[SourceDate "2021.10.06"]
[SourceVersion "1"]
[SourceVersionDate "2021.10.06"]
[SourceQuality "1"]

1. e4 c5 2. Nf3 e6 3. d4 cxd4 4. Nxd4 a6 5. Nc3 Qc7 6. Be3 Nf6 7. f3 Bb4 8. Qd2 d5 9. Bd3 e5 10. Nde2 d4 11. Nxd4 exd4 12. Bxd4 Nc6 13. Be3 Qa5 14. a3 Bxc3 15. Qxc3 Qxc3+ 16. bxc3 0-0 17. 0-0 Ne5 18. Be2 Be6 19. Bd4 Nc6 20. Bxf6 gxf6 21. f4 f5 22. e5 f6 23. exf6 Rxf6 24. Rfe1 Rc8 25. Bf3 Re8 26. Bh5 Rd8 27. Bf3 Kf8 28. Rab1 Bc8 29. Bh5 Rdd6 30. Re8+ Kg7 31. Rxc8 Rfe6 32. Re8 Rf6 33. Rxb7+ Kh6 34. Bf3 Na5 35. Rbe7 Rb6 36. Rh8 Rfe6 37. Rhxh7+ Kg6 38. Bh5+ Kf6 39. Rhf7# 1-0

[Event "CAN-ch U10"]
[Site "Ottawa"]
[Date "2007.07.03"]
[Round "1"]
[White "Brichko, Mike"]
[Black "Dumais, Remi"]
[Result "1-0"]
[WhiteElo "1364"]
[BlackElo "944"]
[PlyCount "37"]
[EventDate "2007.07.03"]
[EventType "swiss"]
[EventRounds "7"]
[EventCountry "CAN"]
[SourceTitle "EXT 2022"]
[Source "ChessBase"]
[SourceDate "2021.10.06"]
[SourceVersion "1"]
[SourceVersionDate "2021.10.06"]
[SourceQuality "1"]

1. e4 e5 2. Nf3 Nc6 3. Bc4 Nf6 4. d3 Bd6 5. Nc3 0-0 6. Bg5 Bc5 7. 0-0 d6 8. h3 Bd7 9. Nd5 Nb4 10. Nxf6+ Kh8 11. Nxh7 Qc8 12. Nxf8 Qxf8 13. a3 Nc6 14. Nh4 Nd4 15. Qh5+ Kg8 16. Ng6 Ne2+ 17. Qxe2 Bd4 18. Qh5 Be6 19. Qh8# 1-0

[Event "CAN-ch U10"]
[Site "Ottawa"]
[Date "2007.07.03"]
[Round "2"]
[White "Liu, Steven2222"]
[Black "Brichko, Mike"]
[Result "1-0"]
[WhiteElo "1561"]
[BlackElo "1364"]
[PlyCount "123"]
[EventDate "2007.07.03"]
[EventType "swiss"]
[EventRounds "7"]
[EventCountry "CAN"]
[SourceTitle "EXT 2022"]
[Source "ChessBase"]
[SourceDate "2021.10.06"]
[SourceVersion "1"]
[SourceVersionDate "2021.10.06"]
[SourceQuality "1"]

1. e4 e5 2. Nf3 Nc6 3. Bc4 Bc5 4. c3 d6 5. d4 exd4 6. cxd4 Bb6 7. 0-0 Nf6 8. Nc3 Bg4 9. d5 Ne5 10. Be2 Bxf3 11. Bxf3 h6 12. Bf4 Nfd7 13. Be2 a6 14. Na4 Ba7 15. Rc1 Rc8 16. b3 Ng6 17. Bg3 0-0 18. Bg4 Re8 19. Re1 Nge5 20. Bxe5 Rxe5 21. Qf3 Rb8 22. Qc3 Nc5 23. Nxc5 Bxc5 24. Qb2 Qh4 25. Rxc5 Qxg4 26. f3 Qd7 27. Rc4 c5 28. dxc6 bxc6 29. Rd1 Qc7 30. Rdc1 Qb6+ 31. Kf1 Rc5 32. Rxc5 dxc5 33. Qc3 Qb5+ 34. Qc4 Qxc4+ 35. Rxc4 Rb5 36. Ke2 Kf8 37. Ke3 Ke7 38. e5 Ke6 39. Ke4 Rb4 40. Rxb4 cxb4 41. f4 f5+ 42. Kd4 g5 43. g3 h5 44. fxg5 h4 45. g6 a5 46. Kc5 Kxe5 47. g7 Ke4 48. g8Q Kd3 49. Qc4+ Ke3 50. Kxc6 hxg3 51. hxg3 Kf3 52. Qf4+ Ke2 53. g4 fxg4 54. Qg3 Kd2 55. Kc5 Kc2 56. Qe3 Kb2 57. Qd2+ Ka3 58. Qc1+ Kxa2 59. Kb5 a4 60. Kxb4 axb3 61. Qd2+ b2 62. Kc3 1-0